000 00492nam a2200169Ia 4500
003 GCL
008 140319s9999 xx 000 0 ara d
040 _aGCL /
_cGCL
082 0 4 _a001.5
_bس ب
100 1 _aسحر محمد وهبى
245 1 0 _aبحوث فى الاتصال /
_cسحر محمد وهبى
300 _a361 ص
490 _aسلسلة دراسات وبحوث اعلامية
_v0
650 0 4 _aوسائل الاعلام
650 0 4 _aالراى العام
942 _2ddc
_cBK
999 _c41416
_d41416